Top Goalscorers In The Premier League 2016/17 For Each Team - Statistics

General Stats
  • This quiz has been taken 239 times
  • The average score is 13 of 20
Answer Stats
Club Answer % Correct
Manchester City Aguero
95%
Leicester Vardy
93%
Tottenham Kane
92%
Chelsea Costa
86%
Arsenal Sanchez
86%
Everton Lukaku
85%
Manchester United Ibrahimovic
78%
Liverpool Mane
78%
Crystal Palace Benteke
74%
Watford Deeney
70%
Bournemouth King
66%
Stoke Crouch/Arnautovic/Allen
63%
Sunderland Defoe
63%
Burnley Vokes/Gray
47%
Middlesbrough Negredo
45%
West Ham Antonio
43%
Swansea Llorente
41%
West Brom Rondon
40%
Hull Snodgrass
22%
Southampton Redmond
20%
No matching quizzes found
Score Distribution
Percent of People with Each Score
Percentile by Number Answered
Your Score History
You have not taken this quiz